Statistics for Miami Hurricanes: 1st Round NFL Draft Picks since 1983

Click here to take the quiz!

General Stats

  • This quiz has been taken 245 times
    (215 since last reset)
  • The average score is 14 of 24

Answer Stats

Hint Answer % Correct
1983: QB (Pick #14), BuffaloJim Kelly
87%
1996: LB (Pick #26), BaltimoreRay Lewis
83%
2001: LB (Pick #11), Carolina; DT (Pick #12), St. Louis; WR (Pick #16), N.Y. Jets; WR (Pick #30), IndianapolisDan Morgan, Damione Lewis, Santana Moss, Reggie Wayne
82%
2004: S (R.I.P) (Pick #5), Washington; TE (Pick #6), Cleveland; LB (Pick #12), N.Y. Jets; LB (Pick #17), Denver; OT (Pick #19), Miami; DT (Pick #21), New EnglandSean Taylor, Kellen Winslow, Jonathon Vilma, DJ Williams, Vernon Carey, Vince Wilfork
81%
2002: OT (Pick #7), Minnesota; TE (Pick #14), N.Y. Giants; CB (Pick #17), Oakland; S (Pick #24), Baltimore; CB (Pick #26), San FranciscoBryant McKinnie, Jeremy Shockey, Phillip Buchanon, Ed Reed, Mike Rumph
81%
1988: S (Pick #3), Detroit; WR (#11), DallasBennie Blades, Michael Irvin
79%
2003: WR (Pick #3), Houston; DE (Pick #15), Philadelphia; RB (Pick #23), Buffalo; DT (Pick #25), N.Y. GiantsAndre Johnson, Jerome McDougle, Willis McGahee, William Joseph
77%
1987: QB (Pick #1), Tampa Bay; RB (Pick #3), Houston; DT (Pick #9), PhiladelphiaVinny Testaverde, Alonzo Highsmith, Jerome Brown
76%
1984: QB (supplemental), ClevelandBernie Kosar
75%
1995: DT (Pick #12), Tampa BayWarren Sapp
73%
1999: RB (Pick #4), IndianapolisEdgerrin James
69%
2007: S (Pick #24), New England; LB (Pick #25), Carolina; TE (Pick #31), ChicagoBrandon Meriweather, Jon Beason, Greg Olsen
67%
2015: OT (Pick #9), N.Y. Giants; WR (Pick #29), IndianapolisEreck Flowers, Phillip Dorsett
58%
1990: DT (Pick #3), SeattleCortez Kennedy
55%
1991: DT (Pick #1), Dallas; WR (Pick #23), MiamiRussell Maryland, Randal Hill
53%
2000: TE (Pick #14), Green BayBubba Franks
46%
1989: DE (Pick #21), L.A. Rams; RB (Pick #26), L.A. Rams; QB (supplemental), DallasBill Hawkins, Cleveland Gary, Steve Walsh
42%
2005: CB (Pick #8), ArizonaAntrel Rolle
41%
1992: OT (Pick #11), Pittsburgh; DB (Pick #28), CincinnatiLeon Searcy, Darryl Williams
31%
2008: S (Pick #31), N.Y. GiantsKenny Phillips
30%
1997: WR (Pick #15), Miami; DE (Pick #17), Washington; DE (Pick #18), TennesseeYatil Green, Kenard Lang, Kenny Holmes
28%
1985: (Pick #13), CincinnatiEddie Brown
28%
1998: CB (Pick #10), BaltimoreDuane Starks
21%
2006: CB (Pick #31), SeattleKelly Jennings
17%

Score Distribution

Percentile by Number Answered

Percent of People with Each Score

Your Score History

You have not taken this quiz since the last reset